000 00392nam a2200169Ia 4500
001 17191
003 IN-NITTTR
005 20251114233202.0
008 251113s9999||||xx |||||||||||||| ||eng||
040 _beng
040 _cIN-NITTTR
041 _aeng
082 _a540 C34N
100 _aChawla, A. D.
245 0 _aNew fundamental practical chemistry /
_cChawla, A. D.
942 _2ddc
_cBK
999 _c19825
_d19825